| 000 | 00721nam a22001815i 4500 | ||
|---|---|---|---|
| 001 | 156748 | ||
| 003 | ES-MaACL | ||
| 005 | 20230906210504.0 | ||
| 008 | 990728s1862 fr |||| | fre d | ||
| 040 |
_aCAM _bspa _cCAM |
||
| 100 | 1 |
_aLa Villemarque, Hersart de _cVicomte. _9128532 |
|
| 245 | 1 | 0 |
_aMyrdhinn ou L'enchanteur Merlin _b: son histoire, ses oeuvres, son influence / _cpar le vicomte Hersart de la Villemarque. |
| 250 | _aNouvelle éd. | ||
| 260 |
_aParis : _bLibrairie Académique, Didier et c\pie\s libraires-éditeurs, _c1862 ( _fImp. Simon Raçon er comp.) |
||
| 300 |
_aXI, 439 p. ; _c18 cm. |
||
| 600 | 0 | 4 |
_aMerlin el Encantador (Personaje literario) _9129861 |
| 852 |
_aES-MaACL _jG-12969 _z-- Enc. hol. |
||
| 999 |
_c156748 _d156748 |
||